EPIC: The Musical - Lyrics Sort #20 - Monster - Statistics

General Stats
  • This quiz has been taken 110 times
  • The average score is 36 of 53
Answer Stats
Hint Answer % Correct
Line 2 How did suffering become so endless?
100%
Line 1 How has everything been turned against us?
95%
Line 3 How am I to reunite with my estranged?
93%
Line 4 Do I need to change?
90%
Line 6 I'm the only one whose line I haven't crossed
88%
Line 8 Is me?
88%
Line 7 What if the greatest threat we'll find across the sea
88%
Line 5 I'm surrounded by the souls of those I've lost
86%
Line 17 And then sleep knowing he has done him right?
83%
Line 14 Is the cyclops struck with guilt when he kills?
83%
Line 16 Or does he end my men to avenge his friend
83%
Line 25 Or does he throw away his remorse and save more lives with guile?
83%
Line 18 When the witch turns men to pigs to protect her nymphs, is she going insane?
83%
Line 24 Does a soldier use a wooden horse to kill sleeping Trojans cause he is vile?
81%
Line 19 Or did she learn to be colder when she got older and now she saves them the pain?
81%
Line 11 What if I'm the one who killed you every time I caved to guilt?
81%
Line 12 What if I've been far too kind to foes, but a monster to ourselves?
81%
Line 23 And now no one dares to piss him off?
79%
Line 15 Is he up in the middle of the night?
79%
Line 22 Or does he keep us in check so we must respect him
79%
Line 13 What if I'm the monster?
79%
Line 9 What if I'm the monster? What if I'm in the wrong?
79%
Line 10 What if I'm the problem that's been hiding all along?
79%
Line 20 When a god comes down and makes a fleet drown
79%
Line 21 Is he scared that he's doing something wrong?
78%
Line 28 If I became the monster to everyone but us
76%
Line 29 And made sure we got home again, who would care if we're in just?
74%
Line 27 Would that make us stronger? Would it keep our foes at bay?
74%
Line 26 If I became the monster and threw that guilt away
69%
Line 30 If I became the (monster)
64%
Line 38 And if I gotta drop another infant from a wall
60%
Line 35 I must get to see Penelope and Telemachus
60%
Line 36 So if we must sail through dangerous oceans and beaches
60%
Line 32 And deep down I know this well
59%
Line 34 Five-hundred men gone, this can't go on
59%
Line 37 I'll go where Poseidon won't reach us
59%
Line 33 I lost my best friend, I lost my mentor, my mom
59%
Line 39 In an instant so we all don't die
59%
Line 41 I will deal the blow
52%
Line 40 Then I'll become the monster
52%
Line 43 Like none they've ever known
43%
Line 51 Oh, ruthlessness is mercy upon ourselves
43%
Line 49 Telemachus
43%
Line 53 I'll become the monster
41%
Line 31 Oh, ruthlessness is mercy upon ourselves (monster)
41%
Line 45 I must become the monster, and then we'll make it home
40%
Line 46 (Monster) [1]
40%
Line 52 (Monster) [4]
40%
Line 47 Penelope
40%
Line 42 And I'll become the monster
38%
Line 48 (Monster) [2]
38%
Line 50 (Monster) [3]
38%
Line 44 So what if I'm the monster lurking deep below
38%
No matching quizzes found
Score Distribution
Percent of People with Each Score
Percentile by Number Answered
Your Score History
You have not taken this quiz